[Event "Tatry op"]
[Site "Tatranske Matliare"]
[Date "2023.05.21"]
[Round "2"]
[White "Hrtko, Vladimir"]
[Black "Bednar, Jan"]
[Result "0-1"]
[WhiteElo "2115"]
[BlackElo "1883"]
[PlyCount "72"]
[EventDate "2023.05.20"]
[EventType "swiss"]
[EventRounds "9"]
[EventCountry "SVK"]
[SourceTitle "CBM 214 Extra"]
[Source "ChessBase"]
[SourceDate "2023.07.31"]
[SourceVersion "1"]
[SourceVersionDate "2023.07.31"]
[SourceQuality "1"]

1. d4 d5 2. c4 e6 3. Nc3 Nf6 4. Bg5 Be7 5. Nf3 h6 6. Bh4 0-0 7. e3 a6 8. a3 dxc4 9. Bxc4 b5 10. Ba2 Bb7 11. 0-0 Nbd7 12. Rc1 c5 13. Qe2 b4 14. axb4 cxb4 15. Nb1 a5 16. Rfd1 Nb6 17. Nbd2 Ba6 18. Qe1 Na4 19. Bxf6 Bxf6 20. Ne4 Nxb2 21. Rd2 Nd3 22. Rxd3 Bxd3 23. Nc5 Bg6 24. Bxe6 fxe6 25. Nxe6 Qd6 26. Nxf8 Kxf8 27. e4 Qe6 28. e5 Be7 29. Qd2 Qd5 30. Rc7 b3 31. Qf4+ Bf7 32. e6 Qxe6 33. Ne5 b2 34. Rb7 Rc8 35. Rxb2 Bg5 36. Qc1 Rxc1# 0-1

[Event "Piestany Augustus Cup"]
[Site "Piestany"]
[Date "2022.07.15"]
[Round "3"]
[White "Vanya, Attila"]
[Black "Bednar, Jan"]
[Result "1/2-1/2"]
[WhiteElo "1675"]
[BlackElo "2008"]
[PlyCount "67"]
[EventDate "2022.07.15"]
[EventType "swiss (rapid)"]
[EventRounds "7"]
[EventCountry "SVK"]
[SourceTitle "CBM 209 Extra"]
[Source "ChessBase"]
[SourceDate "2022.09.30"]
[SourceVersion "1"]
[SourceVersionDate "2022.09.30"]
[SourceQuality "1"]

1. e4 c5 2. Nf3 d6 3. d4 cxd4 4. c3 d3 5. Bxd3 g6 6. 0-0 Bg7 7. Qe2 Nc6 8. Be3 Bg4 9. Bc4 Nf6 10. h3 Bd7 11. a3 0-0 12. Nbd2 a6 13. Ba2 Rc8 14. Nd4 Nxd4 15. Bxd4 Bc6 16. f4 e5 17. fxe5 Nh5 18. Qf2 dxe5 19. Bc5 Nf4 20. Bxf8 Qxf8 21. Kh2 Rc7 22. Qf3 Qc8 23. Rad1 Kh8 24. Nc4 f5 25. Nd6 fxe4 26. Qxf4 exf4 27. Nxc8 Rxc8 28. Rxf4 Be5 29. g3 Bxf4 30. gxf4 Kg7 31. Bd5 Kf6 32. Rd4 Kf5 33. Kg3 Rd8 34. Be6+ 1/2-1/2

[Event "Piestany Slovakia op-B"]
[Site "Piestany"]
[Date "2022.07.14"]
[Round "5"]
[White "Bednar, Jan"]
[Black "Zeman, Jan"]
[Result "1-0"]
[WhiteElo "2008"]
[BlackElo "1719"]
[PlyCount "93"]
[EventDate "2022.07.11"]
[EventType "swiss"]
[EventRounds "9"]
[EventCountry "SVK"]
[SourceTitle "CBM 209 Extra"]
[Source "ChessBase"]
[SourceDate "2022.09.30"]
[SourceVersion "1"]
[SourceVersionDate "2022.09.30"]
[SourceQuality "1"]

1. e4 c5 2. Nf3 Nc6 3. d4 cxd4 4. Nxd4 d6 5. Nc3 Bd7 6. Nb3 Nf6 7. Be2 g6 8. 0-0 Bg7 9. Bg5 a6 10. Kh1 Rc8 11. f4 b5 12. Bf3 Qc7 13. Qd2 Be6 14. Nd5 Bxd5 15. exd5 Nd8 16. Rfe1 0-0 17. Re2 Re8 18. a4 Kf8 19. Bh4 Ng8 20. c3 Bf6 21. Bf2 Qc4 22. Na5 Qc7 23. axb5 axb5 24. Qd3 Rb8 25. Re4 Nb7 26. Nc6 Ra8 27. Rae1 Ra2 28. Qxb5 Bxc3 29. Bb6 Qxb6 30. Qxb6 Rxb2 31. Qc7 Bxe1 32. Rxe1 Nc5 33. Nd4 Rb7 34. Qa5 Reb8 35. Nc6 Rb5 36. Qc3 Rb3 37. Qa1 R8b6 38. f5 f6 39. fxg6 hxg6 40. h4 Nd3 41. Rf1 Kg7 42. Qa7 Rb7 43. Qa8 Nc5 44. h5 Nh6 45. Qe8 Nf7 46. hxg6 Kxg6 47. Qg8+ 1-0

[Event "Skalica op"]
[Site "Skalica"]
[Date "2021.08.28"]
[Round "8"]
[White "Bednar, Jan"]
[Black "Striskova, Lucia"]
[Result "0-1"]
[WhiteElo "2047"]
[BlackElo "1820"]
[PlyCount "54"]
[EventDate "2021.08.21"]
[EventType "swiss"]
[EventRounds "9"]
[EventCountry "SVK"]
[SourceTitle "CBM 204 Extra"]
[Source "ChessBase"]
[SourceDate "2021.11.30"]
[SourceVersion "1"]
[SourceVersionDate "2021.11.30"]
[SourceQuality "1"]

1. e4 e5 2. Nf3 Nc6 3. Bb5 f5 4. d3 fxe4 5. dxe4 Nf6 6. 0-0 Bc5 7. Bc4 d6 8. Ng5 Rf8 9. Nxh7 Rh8 10. Ng5 Bg4 11. Qd3 Nd4 12. Nc3 Qd7 13. Be3 0-0-0 14. b4 Bb6 15. a4 d5 16. exd5 e4 17. Qd2 Nf3+ 18. Nxf3 exf3 19. Bxb6 fxg2 20. Bc5 gxf1Q+ 21. Bxf1 Nxd5 22. Bg2 Nxc3 23. Qxc3 Bh3 24. Re1 Bxg2 25. Kxg2 Qc6+ 26. Kg1 Rh6 27. f3 Qg6+ 0-1

[Event "Skalica op"]
[Site "Skalica"]
[Date "2021.08.21"]
[Round "1"]
[White "Bednar, Jan"]
[Black "Raja, Rithvik R"]
[Result "0-1"]
[WhiteElo "2047"]
[BlackElo "2433"]
[PlyCount "56"]
[EventDate "2021.08.21"]
[EventType "swiss"]
[EventRounds "9"]
[EventCountry "SVK"]
[SourceTitle "CBM 204 Extra"]
[Source "ChessBase"]
[SourceDate "2021.11.30"]
[SourceVersion "1"]
[SourceVersionDate "2021.11.30"]
[SourceQuality "1"]

1. e4 c5 2. Nf3 d6 3. d4 cxd4 4. Nxd4 Nf6 5. Nc3 a6 6. Bg5 e6 7. f4 h6 8. Bh4 Be7 9. Qf3 Qc7 10. 0-0-0 Nbd7 11. Kb1 b5 12. Bxf6 Nxf6 13. Bd3 Bb7 14. g4 g5 15. h4 gxf4 16. g5 Nd7 17. g6 Bf6 18. Bxb5 axb5 19. Ndxb5 Qb6 20. Nxd6+ Ke7 21. Nxb7 Qxb7 22. Rh3 Rhb8 23. b3 Qc7 24. Ne2 Rxa2 25. Nc3 Ra7 26. gxf7 Rc8 27. Rd3 Ne5 28. f8Q+ Rxf8 0-1

[Event "Piestany Slovakia op"]
[Site "Piestany"]
[Date "2021.07.17"]
[Round "8"]
[White "Fizer, Marek"]
[Black "Bednar, Jan"]
[Result "1/2-1/2"]
[WhiteElo "1828"]
[BlackElo "2047"]
[PlyCount "133"]
[EventDate "2021.07.10"]
[EventType "swiss"]
[EventRounds "9"]
[EventCountry "SVK"]
[SourceTitle "CBM 203 Extra"]
[Source "ChessBase"]
[SourceDate "2021.09.30"]
[SourceVersion "1"]
[SourceVersionDate "2021.09.30"]
[SourceQuality "1"]

1. e4 c6 2. d4 d5 3. Nd2 dxe4 4. Nxe4 Nf6 5. Nxf6+ exf6 6. c3 Bd6 7. Bd3 0-0 8. Ne2 Re8 9. 0-0 Qc7 10. Ng3 g6 11. Ne4 Be7 12. Re1 Be6 13. Qf3 Nd7 14. Bf4 Qb6 15. Be3 Qd8 16. Qg3 Nf8 17. Bh6 Qd5 18. Qh4 Qd8 19. Bc2 Bd5 20. Bxf8 Rxf8 21. Ng3 Be6 22. Qh6 f5 23. f4 Bf6 24. Re3 Bg7 25. Qh3 Qd7 26. Nf1 Rae8 27. Nd2 Bd5 28. Rae1 Rxe3 29. Qxe3 Rd8 30. Bb3 Bh6 31. g3 Bg7 32. Qe7 Qc8 33. Bxd5 cxd5 34. Nb3 Bf8 35. Qe3 Qc6 36. Nc1 Qb5 37. Nd3 Rd6 38. Qd2 Rb6 39. b3 Qa5 40. Re8 Re6 41. Rc8 Kg7 42. Qb2 Qb5 43. c4 Qd7 44. Ra8 b6 45. Ne5 Qb7 46. Rd8 Rd6 47. Rxd6 Bxd6 48. Qg2 f6 49. Nd3 Qe7 50. Qxd5 Qe3+ 51. Nf2 Bb4 52. Kf1 Bc3 53. Kg2 Bxd4 54. Qf3 Qd2 55. a3 Qc2 56. h4 Bxf2 57. Qxf2 Qxb3 58. Qe2 Qxa3 59. h5 Qc5 60. Qe8 a5 61. Qd7+ Kh6 62. Qf7 Qd6 63. hxg6 hxg6 64. Qg8 Qc6+ 65. Kh2 g5 66. Qh8+ Kg6 67. Qg8+ 1/2-1/2

[Event "Piestany Slovakia op"]
[Site "Piestany"]
[Date "2021.07.15"]
[Round "6"]
[White "Bednar, Jan"]
[Black "Jablonicky, Martin"]
[Result "0-1"]
[WhiteElo "2047"]
[BlackElo "2298"]
[PlyCount "96"]
[EventDate "2021.07.10"]
[EventType "swiss"]
[EventRounds "9"]
[EventCountry "SVK"]
[SourceTitle "CBM 203 Extra"]
[Source "ChessBase"]
[SourceDate "2021.09.30"]
[SourceVersion "1"]
[SourceVersionDate "2021.09.30"]
[SourceQuality "1"]

1. d4 e5 2. dxe5 Nc6 3. Nf3 Qe7 4. g3 Nxe5 5. Nxe5 Qxe5 6. Bg2 Nf6 7. Nd2 Bc5 8. Nf3 Qe7 9. Qd3 0-0 10. 0-0 d5 11. Bg5 Rd8 12. c3 h6 13. Bxf6 Qxf6 14. Nd4 Bb6 15. b4 a5 16. a3 Bg4 17. Rfe1 c6 18. e3 Bh5 19. Qf1 Bg6 20. Red1 Qe7 21. Rd2 Bc7 22. Qc1 Be5 23. Bf1 Re8 24. Qb2 Bf6 25. Bd3 Bxd4 26. exd4 Bxd3 27. Rxd3 axb4 28. axb4 Rxa1+ 29. Qxa1 Qe2 30. Qd1 Qb2 31. Qf3 Kf8 32. Re3 Qc1+ 33. Kg2 Rxe3 34. Qxe3 Qxe3 35. fxe3 Ke7 36. Kf3 Ke6 37. h3 Kf5 38. e4+ dxe4+ 39. Ke3 h5 40. c4 b5 41. g4+ hxg4 42. hxg4+ Ke6 43. cxb5 cxb5 44. Kxe4 f6 45. Kf4 Kd5 46. Kf5 Kxd4 47. Kg6 Ke4 48. Kxg7 f5 0-1

[Event "Drienica Saris op"]
[Site "Drienica"]
[Date "2020.08.07"]
[Round "1"]
[White "Janik, Marek Tobias"]
[Black "Bednar, Jan"]
[Result "1/2-1/2"]
[WhiteElo "1600"]
[BlackElo "2018"]
[PlyCount "59"]
[EventDate "2020.08.07"]
[EventType "swiss"]
[EventRounds "9"]
[EventCountry "SVK"]
[SourceTitle "CBM 197 Extra"]
[Source "ChessBase"]
[SourceDate "2020.09.30"]
[SourceVersion "1"]
[SourceVersionDate "2020.09.30"]
[SourceQuality "1"]

1. c4 c5 2. g3 Nc6 3. Bg2 g6 4. Nc3 Bg7 5. Nf3 Nf6 6. d3 0-0 7. 0-0 d5 8. cxd5 Nxd5 9. Bd2 b6 10. Nxd5 Qxd5 11. Bc3 Qd6 12. Bxg7 Kxg7 13. d4 cxd4 14. Nxd4 Nxd4 15. Bxa8 Ba6 16. Bf3 Nxf3+ 17. exf3 Bxf1 18. Kxf1 Rc8 19. Qe2 Rc5 20. Rd1 Qc7 21. Rd2 h5 22. Kg2 b5 23. b4 Rc4 24. a3 a6 25. Qe3 e6 26. Rd3 e5 27. Rd5 Rc3 28. Rd3 Rc1 29. Rd5 Rc3 30. Rd3 1/2-1/2

[Event "SVK-chT2A 1920"]
[Site "Slovakia"]
[Date "2020.01.26"]
[Round "7.4"]
[White "Bednar, Jan"]
[Black "Zetocha, Adrian"]
[Result "1/2-1/2"]
[WhiteElo "2032"]
[BlackElo "1999"]
[PlyCount "71"]
[EventDate "2019.10.26"]
[EventType "team-tourn"]
[EventRounds "11"]
[EventCountry "SVK"]
[SourceTitle "CBM 194 Extra"]
[Source "ChessBase"]
[SourceDate "2020.03.31"]
[SourceVersion "1"]
[SourceVersionDate "2020.03.31"]
[SourceQuality "1"]
[WhiteTeam "Bratislava Doprastav II"]
[BlackTeam "Bratislava Slovan V"]
[WhiteTeamCountry "SVK"]
[BlackTeamCountry "SVK"]

1. c4 Nf6 2. Nf3 e6 3. g3 d5 4. Bg2 Be7 5. 0-0 0-0 6. b3 b6 7. Bb2 Bb7 8. d3 c5 9. Nbd2 Qc7 10. Rc1 Nc6 11. cxd5 exd5 12. d4 Qd6 13. Qc2 Rac8 14. Bh3 Rb8 15. Rfd1 Rfd8 16. dxc5 bxc5 17. Nc4 Qc7 18. Nce5 Nb4 19. Qb1 Bc8 20. Bg2 h6 21. Nh4 Be6 22. Nef3 Qa5 23. Be5 Rbc8 24. Qb2 Qxa2 25. Qxa2 Nxa2 26. Ra1 Nb4 27. Nd2 Nc6 28. Bb2 c4 29. bxc4 dxc4 30. Ne4 Nd5 31. h3 Ndb4 32. Nf3 a5 33. Rdc1 Rd7 34. g4 Rcd8 35. Bc3 Kf8 36. Nfd2 1/2-1/2